[Event "TOP16-LaBourdannais"]
[Site "TOP16-LaBourdannais"]
[Date "2021.01.09"]
[Round "1"]
[White "ProfTerrieux"]
[Black "claude adrian"]
[Result "1-0"]
[WhiteElo "2500"]
[BlackElo "1667"]
[Annotator "TA"]
[PlyCount "117"]
[EventDate "2021.01.09"]
[EventType "blitz"]

{[%evp 9,117,57,60,36,42,22,169,164,161,143,140,132,149,157,250,225,221,232,208,193,416,411,409,179,179,175,179,175,168,165,200,202,214,85,160,160,160,160,161,145,152,112,95,68,68,75,79,66,69,69,83,66,83,83,94,8,8,8,43,24,219,148,269,226,282,279,262,270,276,211,225,225,225,224,224,210,265,245,254,205,355,343,612,612,604,604,604,604,584,0,586,557,852,814,734,657,1675,1519,29966,29969,29968,29971,29971,29972,29972,29973,29979,29973,29973,29974]} 1. d4 Nf6 2. Nc3 g6 3. e4 d5 4. e5 Ne4 5. Nxe4 dxe4 6. Bc4 {B06: Modern Defence.} c5 {[#]} 7. e6 $146 ({Predecessor:} 7. c3 Nc6 8. Ne2 Bg7 9. O-O O-O 10. Bf4 Bg4 11. h3 Bxe2 12. Qxe2 cxd4 13. Qxe4 dxc3 14. bxc3 {0-1 (38) Kuhn,C (2180)-Lagarde,M (2651) Europe Echecs INT 2020}) 7... f5 (7... Bxe6 $11 {and Black is okay.} 8. Bxe6 fxe6) 8. d5 $1 $18 {White is clearly better.} ({Worse is} 8. dxc5 Qxd1+ 9. Kxd1 Na6 $11) 8... Bg7 9. c3 O-O 10. Ne2 Na6 11. Bf4 Nc7 (11... b5 $16) 12. d6 Nxe6 {[#]} 13. Qb3 $1 Kf7 14. Rd1 {Strongly threatening d7!} Re8 $2 (14... b5 15. Bd5 (15. Qxb5 Qb6 $18) 15... Bd7 16. Bxa8 Qxa8 17. dxe7 {[%mdl 64] Discovered Attack} Kxe7 18. Bd6+ Ke8 19. Bxf8 c4) 15. d7 Bxd7 {With the idea ...Qc8.} 16. Bxe6+ (16. Qxb7 $142 Qb6 17. Rxd7 Qxb7 18. Rxb7) 16... Bxe6 17. Rxd8 Bxb3 18. Rxa8 Rxa8 19. axb3 e5 20. Be3 b6 21. f4 (21. c4 $18 {is more deadly.}) 21... Rd8 (21... exf3 $142 22. gxf3 Rd8) 22. g3 Rd3 23. Kf2 Ke6 24. Nc1 Rd7 25. Ke2 h6 26. Rd1 (26. h4 {keeps more tension.} exf4 27. Bxf4 Be5 28. Rh3 Bxf4 29. gxf4 Rb7 30. Rh1) 26... Rxd1 27. Kxd1 exf4 28. gxf4 Bf6 29. Ne2 g5 30. Kc2 Be7 31. c4 Kf6 32. Nc3 (32. Kd2 $16) 32... Bd6 $11 33. Nd5+ Kg6 34. Kd2 Bf8 $2 {White now steadily converts the win.} (34... Kh5 $11 {and Black stays safe.}) 35. Ke2 $18 Bg7 (35... g4 $16 {was worth a try.} 36. Bd2 Kf7) 36. Bc1 Bf8 37. Kf2 Bd6 38. Kg3 Bf8 39. Nc7 Bd6 {[#]} 40. Nb5 {[%cal Rb5d6]} Bb8 41. Bd2 Kf6 42. h3 Kg6 43. Nc3 Bd6 44. Nd5 Bf8 (44... Kf7 $142 45. Kg2 Kg6) 45. b4 {[%cal Bb3b4,Bb4b5][%mdl 32]} Bd6 $2 (45... cxb4 46. Bxb4 Bxb4 47. Nxb4 Kf7) 46. b5 Bf8 47. b3 Bd6 48. Bc3 Bb8 49. Bd2 Bd6 50. h4 g4 51. Bc3 Kf7 52. h5 Bf8 53. Be5 Bg7 54. Bxg7 {White mates.} Kxg7 55. Ne7 Kf6 56. Nc6 Ke6 57. Nxa7 e3 58. Nc6 Kd6 59. Ne5 {Weighted Error Value: White=0.23/Black=0.48} 1-0

[Event "TOP16-LaBourdannais"]
[Site "TOP16-LaBourdannais"]
[Date "2021.01.09"]
[Round "1"]
[White "Jncool68"]
[Black "Babota"]
[Result "1-0"]
[WhiteElo "2436"]
[BlackElo "1620"]
[Annotator "NA RC"]
[PlyCount "103"]
[EventDate "2021.01.09"]
[EventType "blitz"]

1. e4 {[%emt 0:00:01]} c5 {[%emt 0:00:02]} 2. Nf3 {[%emt 0:00:01]} Nc6 {[%emt 0:00:02]} 3. Nc3 {[%emt 0:00:02]} e5 {[%emt 0:00:02]} 4. Bc4 {[%emt 0:00:01]} d6 {[%emt 0:00:03]} 5. d3 {[%emt 0:00:02]} Be7 {[%emt 0:00:01]} 6. Nd5 {[%emt 0:00:02]} Nf6 {[%emt 0:00:03]} 7. Nxe7 {[%emt 0:00:01]} Qxe7 {[%emt 0:00:04]} 8. c3 {[%emt 0:00:03]} Be6 {[%emt 0:00:22]} 9. Bb5 {[%emt 0:00:04]} O-O {[%emt 0:00:09]} 10. h3 {[%emt 0:00:02]} Ne8 {[%emt 0:00:07]} 11. O-O {[%emt 0:00:18]} Nc7 {[%emt 0:00:03]} 12. Bxc6 {[%emt 0:00:08]} bxc6 {[%emt 0:00:00]} 13. Ng5 {[%emt 0:00:01]} f6 {[%emt 0:00:18]} 14. Nxe6 {[%emt 0:00:03]} Nxe6 {[%emt 0:00:00]} 15. f4 {[%emt 0:00:01]} f5 {[%emt 0:00:41] Jncool68 reconnected.} 16. exf5 {[%emt 0:00:44]} Rxf5 {[%emt 0:00:04]} 17. fxe5 {[%emt 0:00:03]} Rxe5 {[%emt 0:00:07]} 18. Bd2 {[%emt 0:00:31]} Rb8 {[%emt 0:00:18]} 19. b3 {[%emt 0:00:02]} Qh4 {[%emt 0:00:26]} 20. Qf3 {[%emt 0:00:11]} Qe7 {[%emt 0:00:46]} 21. Rae1 {[%emt 0:00:08]} Rxe1 {[%emt 0:00:23]} 22. Rxe1 {[%emt 0:00:02]} Qd7 {[%emt 0:00:04]} 23. Qg4 {[%emt 0:00:21]} Re8 {[%emt 0:00:09]} 24. Bh6 {[%emt 0:00:30]} Re7 {[%emt 0:00:16]} 25. Re4 {[%emt 0:00:57]} Nc7 {[%emt 0:00:40]} 26. Rxe7 {[%emt 0:00:20]} Qxe7 {[%emt 0:00:00]} 27. Qc8+ {[%emt 0:00:01]} Kf7 {[%emt 0:00:02]} 28. Bf4 {[%emt 0:00:02]} Nd5 {[%emt 0:00:13]} 29. Qf5+ {[%emt 0:00:06]} Kg8 {[%emt 0:00:07]} 30. Bd2 {[%emt 0:00:41]} Qe2 {[%emt 0:00:44]} 31. Qc8+ {[%emt 0:00:03]} Kf7 {[%emt 0:00:04]} 32. Qxc6 {[%emt 0:00:03]} Qxd3 {[%emt 0:00:08]} 33. Qd7+ {[%emt 0:00:17]} Kg6 {[%emt 0:00:03]} 34. Qxd6+ {[%emt 0:00:02]} Kf7 {[%emt 0:00:03]} 35. Qd7+ {[%emt 0:00:03]} Kg6 {[%emt 0:00:03]} 36. Qg4+ {[%emt 0:00:01]} Kf7 {[%emt 0:00:05]} 37. Qf3+ {[%emt 0:00:01]} Qxf3 {[%emt 0:00:01]} 38. gxf3 {[%emt 0:00:00]} Ke6 {[%emt 0:00:01]} 39. c4 {[%emt 0:00:01]} Ne7 {[%emt 0:00:07]} 40. Be3 {[%emt 0:00:02]} Kd6 {[%emt 0:00:01]} 41. Kf2 {[%emt 0:00:01]} Nc6 {[%emt 0:00:01]} 42. Ke2 {[%emt 0:00:12]} Nb4 {[%emt 0:00:01]} 43. a3 {[%emt 0:00:03]} Nc2 {[%emt 0:00:03]} 44. Kd2 {[%emt 0:00:03]} Nxa3 {[%emt 0:00:12]} 45. Kc1 {[%emt 0:00:01]} a6 {[%emt 0:00:02]} 46. Kb2 {[%emt 0:00:01]} Nb5 {[%emt 0:00:00]} 47. cxb5 {[%emt 0:00:01]} axb5 {[%emt 0:00:01]} 48. Kc3 {[%emt 0:00:02]} Kd5 {[%emt 0:00:01]} 49. Kd3 {[%emt 0:00:01]} g6 {[%emt 0:00:06]} 50. h4 {[%emt 0:00:04]} c4+ {[%emt 0:00:04]} 51. bxc4+ {[%emt 0:00:01]} bxc4+ {[%emt 0:00:00]} 52. Kc3 {[%emt 0:00:01] Babota resigns (Lag: Av=1.94s, max=14.5s)} 1-0

[Event "TOP16-LaBourdannais"]
[Site "TOP16-LaBourdannais"]
[Date "2021.01.09"]
[Round "1"]
[White "Yvesandre2"]
[Black "PositionalChess"]
[Result "1-0"]
[WhiteElo "2353"]
[BlackElo "2224"]
[Annotator "TA"]
[PlyCount "65"]
[EventDate "2021.01.09"]
[EventType "blitz"]

{[%evp 17,65,-8,35,43,36,48,59,30,36,24,19,0,12,0,38,31,55,0,0,0,0,0,37,39,58,35,66,16,41,16,8,30,178,183,176,183,295,277,613,603,707,658,1159,1125,1094,1090,1316,1218,29982,29983]} 1. e4 e6 2. d4 d5 3. Nc3 Bb4 4. e5 c5 5. a3 Bxc3+ 6. bxc3 Ne7 7. h4 Nbc6 8. h5 Qa5 9. Bd2 Bd7 {9...Bd7 has become a bit dusty these days.} 10. h6 {C18: French: 3 Nc3 Bb4: Main line: 7 h4 and 7 Qg4.} gxh6 11. Nf3 O-O-O 12. Rxh6 {White is slightly better.} Ng8 13. Rh4 f6 {[#]} 14. Rb1 $146 {Hoping for Rb5.} ({Predecessor:} 14. Bd3 fxe5 15. Nxe5 Nxe5 16. dxe5 Ne7 17. Qg4 Rdg8 18. Qh3 Ng6 19. Rxh7 Rxh7 20. Qxh7 {½-½ (43) Spraggett,K (2533)-Matamoros Franco,C (2459) Bled 2002}) 14... c4 $1 15. g3 Rf8 16. Bh3 fxe5 17. Nxe5 (17. dxe5 $14 b6 18. Kf1) 17... Nxe5 $11 18. dxe5 Ne7 19. Rh6 Nf5 20. Rf6 Rxf6 21. exf6 Rf8 22. Qh5 Qd8 23. g4 Nd6 24. g5 $36 {[%mdl 2048] White has good play.} Ne4 {A mistake that costs the game.} (24... h6 $1 $11) 25. f3 $18 ({But not} 25. Qxh7 $6 Nxf6 26. gxf6 Qxf6 $16) 25... Nxd2 26. Kxd2 Kb8 (26... d4 {was worth a try.}) 27. Re1 ({Weaker is} 27. Qxh7 Rh8 $16) 27... Qe8 $2 {[#]} (27... d4) 28. Qxe8+ Rxe8 29. Bg4 Rg8 30. f4 Rf8 31. Bxe6 Bxe6 32. Rxe6 Rf7 33. Re7 {Weighted Error Value: White=0.13/Black=0.81} 1-0

[Event "TOP16-LaBourdannais"]
[Site "TOP16-LaBourdannais"]
[Date "2021.01.09"]
[Round "1"]
[White "Risso"]
[Black "maten3coups"]
[Result "1-0"]
[WhiteElo "2023"]
[BlackElo "1620"]
[Annotator "TA"]
[PlyCount "129"]
[EventDate "2021.01.09"]
[EventType "blitz"]

{[%evp 11,129,38,33,27,39,31,27,33,37,32,30,22,30,42,46,36,59,50,94,49,73,64,48,67,95,4,115,58,55,27,27,-27,-27,-79,-71,-66,-66,-56,-61,-87,-87,-140,-63,-63,-31,-41,-31,-61,-51,-87,-87,-87,-87,-87,-86,-152,-139,-155,-135,-140,-142,-141,-141,-212,-199,-254,-145,-231,-232,-484,-468,-677,-96,-96,-96,-170,0,-99,-118,-150,0,0,0,0,12838,12839,12838,12838,29981,29982,29977,12839,12839,12837,6256,1709,1622,1506,1151,1259,1904,1750,1769,1633,2245,3704,5622,4518,12837,10053,12839,6632,12842,12839,12844,12845,12845,12845,12846,12846]} 1. e4 c5 2. Nf3 Nc6 3. Bb5 e6 4. O-O Nge7 5. d4 cxd4 6. Nxd4 Qb6 {6...Ng6 injects fresh life into this line.} 7. Nxc6 {B30: Sicilian: 2...Nc6 3 Bb5, lines without ...g6.} bxc6 8. Be2 Ng6 9. c4 {White has an edge.} Be7 10. Nc3 O-O 11. Rb1 {[#]} Rb8 $146 ({Predecessor:} 11... Qc7 12. Be3 c5 13. f4 a6 14. Bd3 Bb7 15. Qh5 d6 16. Rf3 Rfe8 17. Rh3 Nf8 {½-½ (52) Kribben,M (2661)-Pirs,M (2522) GER email 2015}) 12. Be3 Qa5 13. a3 d6 14. Qd2 e5 15. Nd5 Qxd2 16. Nxe7+ Nxe7 17. Bxd2 f5 18. Bf3 (18. c5 $16) 18... f4 (18... fxe4 $11 19. Bxe4 Be6) 19. b4 ({Better is} 19. Rfd1 $16) 19... Be6 $14 20. Rbc1 c5 21. Rfd1 (21. b5 $142 $1) 21... Nc6 $11 22. b5 (22. Bc3 $11 {keeps the balance.} Nd4 23. b5) 22... Nd4 $17 23. Bc3 Rfc8 24. Bb2 Kf7 25. Kf1 Ke7 26. Ke1 ({White has to play} 26. a4) 26... Rb6 (26... Nxf3+ $17 27. gxf3 a6) 27. a4 $15 Rb7 28. Rd3 g5 29. Bd1 g4 30. a5 h5 31. a6 Rbb8 32. Kd2 Rg8 33. Kc3 (33. Ra3 $142) 33... h4 $17 34. Ra1 h3 35. g3 fxg3 36. fxg3 Rgf8 37. Rd2 (37. Bc1 $17) 37... Rf1 $1 $19 38. Kd3 {[#]} (38. Rb1 {was worth a try.}) 38... Rg1 ({Black should try} 38... Nf3 $1 $19 {[%cal Rf3d2]} 39. Re2 Rh1) 39. Bxd4 (39. Bc3 $17 {keeps fighting.}) 39... cxd4 ({Don't take} 39... exd4 40. Rb1 $17) 40. Raa2 $2 (40. Rc1 {is a better defense.}) 40... Rc8 41. Bb3 (41. Rac2 $142 Re1 42. Be2) 41... Rb1 $2 (41... d5 $19 {[%cal Rd5c4] is more deadly.} 42. Rdc2 Rb1 43. cxd5 Rxb3+ {[%mdl 64] Double Attack} 44. Kd2 Bd7) 42. Rab2 Rc1 {...Rc3+ is the strong threat.} 43. Rbc2 (43. Rdc2 $17 Ra1 44. Ra2) 43... Rb1 (43... Re1 $19 {[%csl Gd4][%cal Re1e3]} 44. Re2 Rd1+ 45. Rcd2 Rb1) 44. Rb2 $17 Rf1 {Strongly threatening ...d5!} 45. Rf2 Rxf2 (45... Rc1 $17 {[%cal Re6c4]} 46. Rbc2 Rh1) 46. Rxf2 {[%mdl 4096] Endgame KRB-KRB} Bd7 {aiming for ...Bxb5!} 47. Bd1 Rf8 $2 {[%mdl 8192] Black is now going downhill.} (47... Be6 $11 48. Bb3 Rc7) 48. Rxf8 $18 Kxf8 {[#]} 49. Bxg4 $1 {[%mdl 512] KB-KB} Be8 (49... Bxg4 50. b6) 50. b6 axb6 51. Bxh3 (51. a7 $142 b5 52. a8=Q bxc4+ 53. Kxc4 Ke7 54. Qc8 Bf7+ 55. Kd3 Ba2 56. Qd7+ Kf6 57. Qxd6+ Kf7 58. Qxe5) 51... Ke7 {White is clearly winning.} 52. Bc8 Kd8 {[#]} 53. Bb7 (53. a7 $142 $1 Bc6 54. Be6) 53... Kc7 54. Bd5 Kb8 55. h4 Ka7 56. Bb7 Bh5 57. Bc8 Be8 58. g4 b5 59. h5 bxc4+ 60. Kxc4 Bf7+ 61. Kd3 d5 62. h6 dxe4+ 63. Kxe4 Bg6+ 64. Bf5 d3 65. Kxd3 {Weighted Error Value: White=0.36/Black=0.48} ({And not} 65. Bxg6 d2 $11) 1-0

[Event "TOP16-LaBourdannais"]
[Site "TOP16-LaBourdannais"]
[Date "2021.01.09"]
[Round "1"]
[White "Burrito2001"]
[Black "Lyon-YOUNES"]
[Result "1-0"]
[WhiteElo "1811"]
[BlackElo "1620"]
[Annotator "NA RC"]
[PlyCount "45"]
[EventDate "2021.01.09"]
[EventType "blitz"]

1. d4 {[%emt 0:00:03]} g6 {[%emt 0:00:02]} 2. c4 {[%emt 0:00:01]} Bg7 {[%emt 0:00:01]} 3. Nc3 {[%emt 0:00:01]} d6 {[%emt 0:00:01]} 4. Nf3 {[%emt 0:00:01]} Nf6 {[%emt 0:00:02]} 5. Bg5 {[%emt 0:00:01]} h6 {[%emt 0:00:03]} 6. Bh4 {[%emt 0:00:01]} O-O {[%emt 0:00:01]} 7. e3 {[%emt 0:00:01]} g5 {[%emt 0:00:20]} 8. Bg3 {[%emt 0:00:03]} Nh5 {[%emt 0:00:15]} 9. Nd2 {[%emt 0:01:22]} Nxg3 {[%emt 0:00:10]} 10. hxg3 {[%emt 0:00:00]} c5 {[%emt 0:00:59]} 11. d5 {[%emt 0:00:22]} e6 {[%emt 0:01:19]} 12. Bd3 {[%emt 0:00:39]} exd5 {[%emt 0:00:47]} 13. cxd5 {[%emt 0:00:21]} Nd7 {[%emt 0:00:13]} 14. Qc2 {[%emt 0:00:13]} Ne5 {[%emt 0:00:10]} 15. Bh7+ {[%emt 0:00:03]} Kh8 {[%emt 0:00:01]} 16. Bf5 {[%emt 0:00:02]} b6 {[%emt 0:00:28]} 17. f3 {[%emt 0:01:05]} Bxf5 {[%emt 0:00:07]} 18. Qxf5 {[%emt 0:00:02]} Qd7 {[%emt 0:00:01]} 19. Qxg5 {[%emt 0:00:16]} Nd3+ {[%emt 0:00:06]} 20. Ke2 {[%emt 0:00:02]} Nxb2 {[%emt 0:00:07]} 21. Rxh6+ {[%emt 0:00:03]} Kg8 {[%emt 0:00:13]} 22. Rah1 {[%emt 0:00:03]} f6 {[%emt 0:00:06]} 23. Qg6 {[%emt 0:00:01] Lyon-YOUNES resigns (Lag: Av=0.58s, max=0.8s)} 1-0

[Event "TOP16-LaBourdannais"]
[Site "TOP16-LaBourdannais"]
[Date "2021.01.09"]
[Round "1"]
[White "Pierre35"]
[Black "Soumcouy"]
[Result "1-0"]
[WhiteElo "1782"]
[BlackElo "2134"]
[Annotator "NA RC"]
[PlyCount "111"]
[EventDate "2021.01.09"]
[EventType "blitz"]

1. e4 {[%emt 0:00:11]} c5 {[%emt 0:00:02]} 2. Nf3 {[%emt 0:00:02]} e6 {[%emt 0:00:01]} 3. g3 {[%emt 0:00:03]} d6 {[%emt 0:00:04]} 4. Bg2 {[%emt 0:00:03]} Nf6 {[%emt 0:00:01]} 5. Qe2 {[%emt 0:00:07]} Be7 {[%emt 0:00:03]} 6. O-O {[%emt 0:00:02]} O-O {[%emt 0:00:01]} 7. c3 {[%emt 0:00:07]} Nc6 {[%emt 0:00:03]} 8. d4 {[%emt 0:00:02]} cxd4 {[%emt 0:00:02]} 9. cxd4 {[%emt 0:00:01]} e5 {[%emt 0:00:02]} 10. d5 {[%emt 0:00:05]} Nb8 {[%emt 0:00:10]} 11. Nc3 {[%emt 0:00:06]} Bg4 {[%emt 0:00:02]} 12. h3 {[%emt 0:00:08]} Bh5 {[%emt 0:00:01]} 13. Be3 {[%emt 0:00:06]} Nbd7 {[%emt 0:00:04]} 14. g4 {[%emt 0:00:29]} Bg6 {[%emt 0:00:02]} 15. Nh4 {[%emt 0:00:01]} Qa5 {[%emt 0:00:16]} 16. Nxg6 {[%emt 0:00:13]} fxg6 {[%emt 0:00:06]} 17. Qb5 {[%emt 0:00:04]} Qa6 {[%emt 0:01:17]} 18. Qxa6 {[%emt 0:00:23]} bxa6 {[%emt 0:00:01]} 19. Rfc1 {[%emt 0:00:07]} Rab8 {[%emt 0:00:01]} 20. b3 {[%emt 0:00:05]} Rb7 {[%emt 0:00:03]} 21. Na4 {[%emt 0:00:45]} Nb8 {[%emt 0:00:21]} 22. Rc4 {[%emt 0:00:14]} Nfd7 {[%emt 0:00:05]} 23. Rac1 {[%emt 0:00:04]} Kf7 {[%emt 0:00:20]} 24. Rc7 {[%emt 0:00:11]} Rxc7 {[%emt 0:00:04]} 25. Rxc7 {[%emt 0:00:01]} g5 {[%emt 0:00:18]} 26. Bxa7 {[%emt 0:00:12]} Rd8 {[%emt 0:00:20]} 27. Bf1 {[%emt 0:00:13]} Ke8 {[%emt 0:00:11]} 28. Nb6 {[%emt 0:00:17]} Nxb6 {[%emt 0:00:07]} 29. Bxb6 {[%emt 0:00:00]} Nd7 {[%emt 0:00:02]} 30. Be3 {[%emt 0:00:03]} Ra8 {[%emt 0:00:05]} 31. Ra7 {[%emt 0:00:18]} Rxa7 {[%emt 0:00:04]} 32. Bxa7 {[%emt 0:00:00]} Nc5 {[%emt 0:00:06]} 33. b4 {[%emt 0:00:27]} Nxe4 {[%emt 0:00:02]} 34. Bxa6 {[%emt 0:00:01]} Kd7 {[%emt 0:00:02]} 35. b5 {[%emt 0:00:38]} Nc5 {[%emt 0:00:21]} 36. Kg2 {[%emt 0:00:15]} Bd8 {[%emt 0:00:07]} 37. Kf3 {[%emt 0:00:04]} g6 {[%emt 0:00:13]} 38. Ke3 {[%emt 0:00:18]} Ba5 {[%emt 0:00:14]} 39. f3 {[%emt 0:00:01]} Nxa6 {[%emt 0:00:07]} 40. bxa6 {[%emt 0:00:02]} Kc7 {[%emt 0:00:01]} 41. Ke4 {[%emt 0:00:03]} Bb6 {[%emt 0:00:05]} 42. Bxb6+ {[%emt 0:00:08]} Kxb6 {[%emt 0:00:01]} 43. Kd3 {[%emt 0:00:09]} Kxa6 {[%emt 0:00:01]} 44. Kc3 {[%emt 0:00:05]} Kb5 {[%emt 0:00:02]} 45. Kb3 {[%emt 0:00:15]} Kc5 {[%emt 0:00:01]} 46. Ka4 {[%emt 0:00:08]} h5 {[%emt 0:00:39]} 47. Ka5 {[%emt 0:00:01]} hxg4 {[%emt 0:00:09]} 48. hxg4 {[%emt 0:00:00]} Kxd5 {[%emt 0:00:24]} 49. Kb5 {[%emt 0:00:00]} Ke6 {[%emt 0:00:07]} 50. a4 {[%emt 0:00:08]} d5 {[%emt 0:00:03]} 51. a5 {[%emt 0:00:03]} e4 {[%emt 0:00:02]} 52. fxe4 {[%emt 0:00:02]} dxe4 {[%emt 0:00:01]} 53. Kc4 {[%emt 0:00:01]} Kd6 {[%emt 0:00:03]} 54. Kd4 {[%emt 0:00:01]} Kc6 {[%emt 0:00:01]} 55. Kxe4 {[%emt 0:00:01]} Kb5 {[%emt 0:00:01]} 56. Ke5 {[%emt 0:00:00] Soumcouy abandonne} 1-0

[Event "TOP16-LaBourdannais"]
[Site "TOP16-LaBourdannais"]
[Date "2021.01.09"]
[Round "1"]
[White "amiralfio"]
[Black "Lasker69"]
[Result "1-0"]
[WhiteElo "1696"]
[BlackElo "2597"]
[Annotator "NA RC"]
[PlyCount "83"]
[EventDate "2021.01.09"]
[EventType "blitz"]

1. d4 {[%emt 0:00:05]} d5 {[%emt 0:00:02]} 2. Bf4 {[%emt 0:00:02]} c5 {[%emt 0:00:02]} 3. e3 {[%emt 0:00:01]} Nc6 {[%emt 0:00:01]} 4. Nf3 {[%emt 0:00:01]} Nf6 {[%emt 0:00:03]} 5. Nbd2 {[%emt 0:00:03]} Qb6 {[%emt 0:00:11]} 6. dxc5 {[%emt 0:00:20]} Qxb2 {[%emt 0:00:20]} 7. Bd3 {[%emt 0:00:53]} e6 {[%emt 0:00:19]} 8. O-O {[%emt 0:00:12]} a6 {[%emt 0:00:12]} 9. c4 {[%emt 0:00:17]} Qc3 {[%emt 0:00:43]} 10. Qe2 {[%emt 0:01:01]} Bxc5 {[%emt 0:00:34]} 11. Rfc1 {[%emt 0:00:11]} Qa3 {[%emt 0:00:12]} 12. Nb3 {[%emt 0:00:36]} Be7 {[%emt 0:00:21]} 13. cxd5 {[%emt 0:00:31]} Nxd5 {[%emt 0:00:06]} 14. Bg5 {[%emt 0:00:11]} h6 {[%emt 0:00:04]} 15. Bxe7 {[%emt 0:00:16]} Qxe7 {[%emt 0:00:02]} 16. e4 {[%emt 0:00:07]} Nf4 {[%emt 0:00:05]} 17. Qe3 {[%emt 0:00:01]} e5 {[%emt 0:00:07]} 18. Bc4 {[%emt 0:00:09]} O-O {[%emt 0:00:07]} 19. g3 {[%emt 0:00:17]} Nh3+ {[%emt 0:00:14]} 20. Kg2 {[%emt 0:00:03]} Bg4 {[%emt 0:00:05]} 21. Nh4 {[%emt 0:00:15]} Ng5 {[%emt 0:00:17]} 22. f3 {[%emt 0:00:24]} Bh3+ {[%emt 0:00:18]} 23. Kf2 {[%emt 0:00:03]} Rad8 {[%emt 0:00:14]} 24. Ng6 {[%emt 0:00:02]} Qf6 {[%emt 0:00:46]} 25. Nxf8 {[%emt 0:00:02]} Rxf8 {[%emt 0:00:05]} 26. Bd5 {[%emt 0:00:08]} Bg4 {[%emt 0:00:07]} 27. Nd2 {[%emt 0:00:09]} Nd4 {[%emt 0:00:02]} 28. f4 {[%emt 0:00:02]} Nh3+ {[%emt 0:00:06]} 29. Kg2 {[%emt 0:00:01]} exf4 {[%emt 0:00:02]} 30. gxf4 {[%emt 0:00:01]} Nxf4+ {[%emt 0:00:29]} 31. Kh1 {[%emt 0:00:01]} Nxd5 {[%emt 0:00:03]} 32. exd5 {[%emt 0:00:01]} Nf5 {[%emt 0:00:05]} 33. Qf4 {[%emt 0:00:05]} Bh3 {[%emt 0:00:03]} 34. Ne4 {[%emt 0:00:06]} Qd4 {[%emt 0:00:05]} 35. Rd1 {[%emt 0:00:02]} Qb2 {[%emt 0:00:04]} 36. Rg1 {[%emt 0:00:07]} Bg2+ {[%emt 0:00:05]} 37. Rxg2 {[%emt 0:00:01]} Qxa1+ {[%emt 0:00:01]} 38. Rg1 {[%emt 0:00:01]} Qxa2 {[%emt 0:00:05]} 39. Qxf5 {[%emt 0:00:05]} Kh8 {[%emt 0:00:01]} 40. Nf6 {[%emt 0:00:03]} g6 {[%emt 0:00:04]} 41. Qf4 {[%emt 0:00:03]} Qb2 {[%emt 0:00:08]} 42. Qxh6# {[%emt 0:00:02] Mate Mate} 1-0

[Event "TOP16-LaBourdannais"]
[Site "TOP16-LaBourdannais"]
[Date "2021.01.09"]
[Round "2"]
[White "Lasker69"]
[Black "jncool68"]
[Result "0-1"]
[WhiteElo "2563"]
[BlackElo "2436"]
[Annotator "NA RC"]
[PlyCount "74"]
[EventDate "2021.01.09"]
[EventType "blitz"]

1. d4 {[%emt 0:00:03]} Nf6 {[%emt 0:00:02]} 2. c4 {[%emt 0:00:01]} e6 {[%emt 0:00:01]} 3. Nc3 {[%emt 0:00:01]} Bb4 {[%emt 0:00:01]} 4. Qc2 {[%emt 0:00:01]} O-O {[%emt 0:00:10]} 5. e4 {[%emt 0:00:04]} d6 {[%emt 0:00:01]} 6. Nf3 {[%emt 0:00:02]} c5 {[%emt 0:00:09]} 7. a3 {[%emt 0:00:12]} Bxc3+ {[%emt 0:00:12]} 8. bxc3 {[%emt 0:00:02]} Nc6 {[%emt 0:00:06]} 9. Bd3 {[%emt 0:00:15]} e5 {[%emt 0:00:01]} 10. d5 {[%emt 0:00:14]} Ne7 {[%emt 0:00:03]} 11. O-O {[%emt 0:00:08]} Ng6 {[%emt 0:00:12]} 12. g3 {[%emt 0:00:17]} h6 {[%emt 0:01:26]} 13. Ne1 {[%emt 0:00:18]} Nh7 {[%emt 0:00:06]} 14. Ng2 {[%emt 0:00:37]} Bh3 {[%emt 0:00:07]} 15. Be3 {[%emt 0:00:21]} Qd7 {[%emt 0:00:25]} 16. f3 {[%emt 0:00:19]} f5 {[%emt 0:00:13]} 17. exf5 {[%emt 0:00:06]} Bxf5 {[%emt 0:00:00]} 18. Rab1 {[%emt 0:00:08]} b6 {[%emt 0:00:02]} 19. a4 {[%emt 0:00:12]} Rf6 {[%emt 0:00:04]} 20. Bxf5 {[%emt 0:00:43]} Rxf5 {[%emt 0:00:03]} 21. Bf2 {[%emt 0:00:11]} Ng5 {[%emt 0:00:18]} 22. Ne1 {[%emt 0:00:06]} Raf8 {[%emt 0:00:04]} 23. Be3 {[%emt 0:00:03]} h5 {[%emt 0:00:55]} 24. Bxg5 {[%emt 0:00:21]} Rxg5 {[%emt 0:00:01]} 25. Ng2 {[%emt 0:00:02]} h4 {[%emt 0:00:06]} 26. g4 {[%emt 0:00:04]} h3 {[%emt 0:00:05]} 27. Ne3 {[%emt 0:00:07]} Nf4 {[%emt 0:00:01]} 28. Kh1 {[%emt 0:00:04]} Rg6 {[%emt 0:00:15]} 29. Rb5 {[%emt 0:00:09]} Rgf6 {[%emt 0:00:01]} 30. Nf5 {[%emt 0:00:10]} g6 {[%emt 0:00:05]} 31. Nh6+ {[%emt 0:00:04]} Kg7 {[%emt 0:00:10]} 32. g5 {[%emt 0:00:01]} Rf5 {[%emt 0:00:00]} 33. Nxf5+ {[%emt 0:00:02]} Rxf5 {[%emt 0:00:00]} 34. Rg1 {[%emt 0:00:01]} Qe7 {[%emt 0:00:01]} 35. a5 {[%emt 0:00:02]} Rxg5 {[%emt 0:00:08]} 36. Rxg5 {[%emt 0:00:08]} Qxg5 {[%emt 0:00:00]} 37. axb6 {[%emt 0:00:02]} Ne2 {[%emt 0:00:01] Lasker69 resigns} 0-1